Geoturismo, geodiversidade, geoconservacao: abordagens geográficas e geológicas

সংরক্ষণ করুন:
গ্রন্থ-পঞ্জীর বিবরন
প্রধান লেখক: Guerra, Antonio José Teixeira (Author), Jorge, Maria do Carmo Oliveira (Author)
বিন্যাস: গ্রন্থ
ভাষা:পর্তুগীজ
প্রকাশিত: Sao Paulo Oficina de Textos 2018
সংস্করন:1a. ed
বিষয়গুলি:
ট্যাগগুলো: ট্যাগ যুক্ত করুন
কোনো ট্যাগ নেই, প্রথমজন হিসাবে ট্যাগ করুন!

MARC

LEADER 00000cam a2200000 a 4500
001 UCC4918
003 CL-VaPUC
008 180907e20180000bl |||||||||||||||||por|d
020 |a 9788579753008 
082 0 4 |a 338.4791  |b GUE  |2 21 
100 |a Guerra, Antonio José Teixeira  |e author  |9 599156 
700 0 |a Jorge, Maria do Carmo Oliveira  |e author  |9 599151 
245 1 0 |a Geoturismo, geodiversidade, geoconservacao: abordagens geográficas e geológicas 
250 |a 1a. ed 
300 |a 227 p 
942 |c BK 
945 |d 20180907 13:03:00  |a dcastane 
260 |a Sao Paulo  |b Oficina de Textos  |c 2018 
650 0 |a Desarrollo sustentable  |9 333905 
650 0 |a Ecoturismo  |9 427332 
650 0 |a Medio ambiente  |9 257625 
650 0 |a Protección del medio ambiente  |9 257626 
583 |a last modification  |c 20180907 13:03:00  |k Rodrigo Vera 
999 |c 372299  |d 372297 
952 |0 0  |1 0  |3 erb  |4 0  |6 338_479100000000000_GUE_2018  |7 0  |8 A  |9 489862  |a BIBING  |b BIBING  |i 5493919  |o 338.4791 GUE 2018  |p 5493919  |r 2025-01-20  |w 2019-11-24  |y BK  |z Catalogado en:20180907  |k GEO